Economics of banana production and marketing in the tropics : (a case study of Cameroon) /

Bibliographic Details
Main Author: Fonsah, Esendugue Gregory
Other Authors: Chidebelu, Angus Nnaemeka, S. D., 1948-
Format: eBook
Language:English
Published: Bamenda, Cameroon : Langaa Research & Publishing CIG, 2012.
Subjects:
Online Access:Connect to the full text of this electronic book

MARC

Tag First Indicator Second Indicator Subfields
LEADER 00000cam a22000004a 4500
001 in00003385921
005 20190405181446.0
006 m o d
007 cr |||||||nn|n
008 980512c2012 sz o d eng d
020 |a 9789956726479 
020 |z 9789956726547 
035 |a (MdBmJHUP)muse9789956726479 
040 |a MdBmJHUP  |c MdBmJHUP  |d UtOrBLW 
043 |a f-cm---  |a w------ 
100 1 |a Fonsah, Esendugue Gregory. 
245 1 0 |a Economics of banana production and marketing in the tropics :  |b (a case study of Cameroon) /  |c Esendugue Gregory Fonsah, Angus S.N.D. Chidebeu. 
264 1 |a Bamenda, Cameroon :  |b Langaa Research & Publishing CIG,  |c 2012. 
300 |a 1 online resource (1 online resource (xii, 242 pages) :) :  |b illustrations, map 
336 |a text  |b txt  |2 rdacontent 
337 |a computer  |b c  |2 rdamedia 
338 |a online resource  |b cr  |2 rdacarrier 
504 |a Includes bibliographical references. 
588 |a Description based on print version record.  |a Description based on print version record. 
588 |a Description based on print version record. 
500 |a Electronic resource. 
650 0 |a Bananas  |z Tropics. 
650 0 |a Bananas  |z Cameroon. 
650 0 |a Banana trade  |z Tropics. 
655 7 |a Electronic books.  |2 local 
700 1 |a Chidebelu, Angus Nnaemeka, S. D.,  |d 1948- 
856 4 0 |u http://proxy.library.tamu.edu/login?url=http://muse.jhu.edu/books/9789956726479/  |z Connect to the full text of this electronic book  |t 0 
999 |a MARS 
999 f f |s a29795c3-f38a-3bd4-aebc-1580c98dd8d5  |i 87585d92-6729-38ac-a156-1a36a9afd012  |t 0 
952 f f |a Texas A&M University  |b College Station  |c Electronic Resources  |d Available Online  |t 0  |h No information provided 
998 f f |t 0  |l Available Online